[Event "XIV. DBMM Schach"]
[Site "Dresden"]
[Date "2014.11.20"]
[Round "1.4"]
[White "Zunk, Steffi"]
[Black "Nayebi, Babak"]
[Result "0-1"]
[WhiteElo "822"]
[BlackElo "1627"]
[Annotator "br"]
[PlyCount "20"]
[EventDate "2014.??.??"]
[EventType "team-swiss"]
[EventRounds "7"]
[EventCountry "GER"]
[Source "FV Schach e.V."]
[SourceDate "2015.07.06"]
[WhiteTeam "ADAC Muenchen II"]
[BlackTeam "Europark Altenberg"]
[WhiteTeamCountry "GER"]
[BlackTeamCountry "GER"]

1. e4 e5 2. Nf3 Nc6 3. Bc4 Bc5 4. d3 d6 5. Nc3 Bg4 6. O-O Nd4 7. h3 Nxf3+ 8.
Kh1 Qh4 9. Nd5 Bxh3 10. Qxf3 Bg4+ 0-1

[Event "XIV. DBMM Schach"]
[Site "Dresden"]
[Date "2014.11.20"]
[Round "1.1"]
[White "Jacobsen, Ruediger"]
[Black "Gempe, Thomas"]
[Result "0-1"]
[WhiteElo "1518"]
[BlackElo "2209"]
[Annotator "br"]
[PlyCount "44"]
[EventDate "2014.??.??"]
[EventType "team-swiss"]
[EventRounds "7"]
[EventCountry "GER"]
[Source "FV Schach e.V."]
[SourceDate "2015.07.06"]
[WhiteTeam "SG Airbus Bremen"]
[BlackTeam "ADAC Muenchen"]
[WhiteTeamCountry "GER"]
[BlackTeamCountry "GER"]

1. e4 c5 2. Nc3 Nc6 3. Bc4 Nf6 4. a3 e6 5. Nf3 d5 6. exd5 exd5 7. Ba2 Be7 8. h3
O-O 9. O-O a6 10. d4 c4 11. Ne2 Ne4 12. c3 f5 13. Bf4 g5 14. Bh2 g4 15. hxg4
fxg4 16. Ne5 Bh4 17. Ng3 Bxg3 18. Bxg3 Nxe5 19. dxe5 Be6 20. Bb1 Nxg3 21. fxg3
Qb6+ 22. Qd4 Rxf1+ 0-1

[Event "XIV. DBMM Schach"]
[Site "Dresden"]
[Date "2014.11.20"]
[Round "1.2"]
[White "Weidl, Robert"]
[Black "Hueners, Rolf"]
[Result "1-0"]
[WhiteElo "1909"]
[BlackElo "1389"]
[Annotator "br"]
[PlyCount "41"]
[EventDate "2014.??.??"]
[EventType "team-swiss"]
[EventRounds "7"]
[EventCountry "GER"]
[Source "FV Schach e.V."]
[SourceDate "2015.07.06"]
[WhiteTeam "ADAC Muenchen"]
[BlackTeam "SG Airbus Bremen"]
[WhiteTeamCountry "GER"]
[BlackTeamCountry "GER"]

1. e4 e6 2. d4 d6 3. Nc3 h6 4. Nf3 a6 5. Be3 Be7 6. Bd3 Bf6 7. O-O Ne7 8. e5
dxe5 9. dxe5 Bg5 10. Bxg5 hxg5 11. Nxg5 Nf5 12. Nce4 Nc6 13. Nf3 Ncd4 14. Neg5
f6 15. Nxd4 Qxd4 16. Bxf5 Qxe5 17. Bg6+ Ke7 18. Nf3 Qxb2 19. Re1 Qb5 20. Nd4
Qg5 21. Nf5+ 1-0

[Event "XIV. DBMM Schach"]
[Site "Dresden"]
[Date "2014.11.20"]
[Round "1.3"]
[White "Schroeder, Wilfried"]
[Black "Baudrexel, Peter"]
[Result "0-1"]
[WhiteElo "1400"]
[BlackElo "1834"]
[Annotator "br"]
[PlyCount "94"]
[EventDate "2014.??.??"]
[EventType "team-swiss"]
[EventRounds "7"]
[EventCountry "GER"]
[Source "FV Schach e.V."]
[SourceDate "2015.07.06"]
[WhiteTeam "SG Airbus Bremen"]
[BlackTeam "ADAC Muenchen"]
[WhiteTeamCountry "GER"]
[BlackTeamCountry "GER"]

1. e4 e6 2. d4 d5 3. e5 c5 4. Nf3 Nc6 5. Bb5 Bd7 6. Bxc6 Bxc6 7. O-O Qb6 8. c3
Nh6 9. Nbd2 Nf5 10. Rb1 cxd4 11. cxd4 Nxd4 12. Nb3 Nxb3 13. axb3 Bc5 14. Qc2 h6
15. Ne1 Bb5 16. Nd3 Bd4 17. Be3 Bxe3 18. fxe3 Qxe3+ 19. Nf2 Bxf1 20. Rxf1 O-O
21. h3 Rac8 22. Qd3 Qxd3 23. Nxd3 Rc2 24. Ra1 a6 25. b4 Rd2 26. Nc5 Rxb2 27.
Nxb7 Rxb4 28. Nd6 Rb6 29. Ra5 f6 30. Rc5 fxe5 31. Nc8 Rb1+ 32. Kh2 e4 33. Rc6
Rxc8 34. Rxc8+ Kf7 35. Rc7+ Kf6 36. Kg3 Rb2 37. Rc1 g5 38. Ra1 h5 39. Rxa6 h4+
40. Kh2 e3 41. Ra1 d4 42. Rf1+ Ke5 43. Rc1 e2 44. Kg1 d3 45. Kf2 d2 46. Rc5+
Kd6 47. Kxe2 Kxc5 0-1

[Event "XIV. DBMM Schach"]
[Site "Dresden"]
[Date "2014.11.20"]
[Round "1.4"]
[White "Obermeier, Karlheinz"]
[Black "Feldmann, Alfred"]
[Result "1-0"]
[WhiteElo "1553"]
[BlackElo "1435"]
[Annotator "br"]
[PlyCount "67"]
[EventDate "2014.??.??"]
[EventType "team-swiss"]
[EventRounds "7"]
[EventCountry "GER"]
[Source "FV Schach e.V."]
[SourceDate "2015.07.06"]
[WhiteTeam "ADAC Muenchen"]
[BlackTeam "SG Airbus Bremen"]
[WhiteTeamCountry "GER"]
[BlackTeamCountry "GER"]

1. e4 e5 2. Nf3 Nc6 3. d4 d6 4. Bb5 a6 5. Bxc6+ bxc6 6. dxe5 Qe7 7. Qd4 Bb7 8.
exd6 cxd6 9. Nc3 Nf6 10. Bg5 c5 11. Qa4+ Qd7 12. Qxd7+ Nxd7 13. Nd2 h6 14. Bf4
Nf6 15. f3 g5 16. Bg3 h5 17. Nc4 Rd8 18. O-O-O d5 19. exd5 Nxd5 20. Rhe1+ Be7
21. Nd6+ Kf8 22. Nxb7 Rd7 23. Na5 Nb6 24. Rxd7 Nxd7 25. Nc6 Bf6 26. Ne4 h4 27.
Bd6+ Kg7 28. Nxf6 Kxf6 29. Be7+ Kg6 30. Ne5+ Nxe5 31. Rxe5 Re8 32. Rxg5+ Kh6
33. Re5 Kg6 34. Bd6 1-0

[Event "XIV. DBMM Schach"]
[Site "Dresden"]
[Date "2014.11.20"]
[Round "2.1"]
[White "Meister, Jakob"]
[Black "Schildt, Rene"]
[Result "1-0"]
[WhiteElo "2466"]
[BlackElo "2073"]
[Annotator "br"]
[PlyCount "59"]
[EventDate "2014.??.??"]
[EventType "team-swiss"]
[EventRounds "7"]
[EventCountry "GER"]
[Source "FV Schach e.V."]
[SourceDate "2015.07.06"]
[WhiteTeam "SK Praesident Berlin"]
[BlackTeam "BA Tempelhof Berlin"]
[WhiteTeamCountry "RUS"]
[BlackTeamCountry "GER"]

1. d4 Nf6 2. Bf4 d5 3. e3 g6 4. c4 Bg7 5. Nc3 O-O 6. Qb3 c5 7. cxd5 cxd4 8.
exd4 Nbd7 9. Be2 Nb6 10. Bf3 Bg4 11. Bxg4 Nxg4 12. Nf3 Nf6 13. d6 exd6 14. O-O
d5 15. Nb5 Nc4 16. Rfe1 a6 17. Nc3 b5 18. a4 bxa4 19. Rxa4 Nh5 20. Bg5 Rb8 21.
Qa2 Qb6 22. Nxd5 Qxb2 23. Qxc4 Rfe8 24. Ne7+ Kh8 25. Qxf7 Rf8 26. Nxg6+ hxg6
27. Qxg6 Nf4 28. Bxf4 Rxf4 29. Rxa6 Rbf8 30. Ra7 1-0

[Event "XIV. DBMM Schach"]
[Site "Dresden"]
[Date "2014.11.20"]
[Round "2.2"]
[White "Feikes, Joerg"]
[Black "Salov, Sergej"]
[Result "1-0"]
[WhiteElo "1968"]
[BlackElo "2256"]
[Annotator "br"]
[PlyCount "129"]
[EventDate "2014.??.??"]
[EventType "team-swiss"]
[EventRounds "7"]
[EventCountry "GER"]
[Source "FV Schach e.V."]
[SourceDate "2015.07.06"]
[WhiteTeam "BA Tempelhof Berlin"]
[BlackTeam "SK Praesident Berlin"]
[WhiteTeamCountry "GER"]
[BlackTeamCountry "RUS"]

1. e4 c5 2. Nc3 e6 3. g3 d5 4. Bg2 d4 5. Nce2 d3 6. cxd3 Qxd3 7. Nf4 Qd7 8. Nf3
Nc6 9. O-O b6 10. b3 Bb7 11. Bb2 O-O-O 12. a3 Nf6 13. Re1 Kb8 14. Bc3 Be7 15.
Rb1 h6 16. b4 g5 17. Ne5 Qc7 18. Nxc6+ Qxc6 19. Nh5 Nxh5 20. Bxh8 Nf6 21. Bg7
Ne8 22. Be5+ Ka8 23. b5 Qd7 24. Bc3 Nd6 25. a4 f5 26. exf5 exf5 27. d3 g4 28.
Qe2 Bg5 29. Qe6 Bxg2 30. Qxd7 Rxd7 31. Kxg2 Kb7 32. Rbd1 Nc8 33. d4 c4 34. d5
Nd6 35. Bd2 Ne4 36. Bxg5 hxg5 37. Re3 c3 38. Red3 c2 39. Rc1 Nc5 40. Rc3 Rxd5
41. R1xc2 Rd4 42. a5 Rb4 43. a6+ Kb8 44. Rxc5 bxc5 45. Rxc5 f4 46. gxf4 gxf4
47. h3 gxh3+ 48. Kxh3 Rb3+ 49. Kg4 f3 50. Kf4 Rd3 51. Ke4 Ra3 52. Rf5 Rb3 53.
Kd4 Rb2 54. Rxf3 Rxb5 55. Rf6 Kc7 56. f4 Ra5 57. Ke4 Kd8 58. f5 Ke7 59. Re6+
Kf7 60. Rc6 Ke8 61. Kf4 Kf7 62. Rg6 Kf8 63. Kg5 Ra1 64. Rc6 Ke7 65. Rh6 {ZU}
1-0

[Event "XIV. DBMM Schach"]
[Site "Dresden"]
[Date "2014.11.20"]
[Round "2.3"]
[White "Gruzmann, Boris"]
[Black "Kettenburg, Stefan"]
[Result "1/2-1/2"]
[WhiteElo "2246"]
[BlackElo "2063"]
[Annotator "br"]
[PlyCount "36"]
[EventDate "2014.??.??"]
[EventType "team-swiss"]
[EventRounds "7"]
[EventCountry "GER"]
[Source "FV Schach e.V."]
[SourceDate "2015.07.06"]
[WhiteTeam "SK Praesident Berlin"]
[BlackTeam "BA Tempelhof Berlin"]
[WhiteTeamCountry "RUS"]
[BlackTeamCountry "GER"]

1. e4 c6 2. d4 d5 3. e5 Bf5 4. h4 h6 5. g4 Bd7 6. Nc3 e6 7. Be3 Qb6 8. Na4 Qa5+
9. c3 Qc7 10. Nf3 b6 11. b4 a5 12. bxa5 Rxa5 13. Qb3 b5 14. Nc5 Na6 15. Nxa6
Rxa6 16. Be2 Ne7 17. h5 Nc8 18. O-O Nb6 1/2-1/2

[Event "XIV. DBMM Schach"]
[Site "Dresden"]
[Date "2014.11.20"]
[Round "2.4"]
[White "Baranowsky, Peter"]
[Black "Mueller, Reinhard"]
[Result "0-1"]
[WhiteElo "2009"]
[BlackElo "2129"]
[Annotator "pb"]
[PlyCount "64"]
[EventDate "2014.??.??"]
[EventType "team-swiss"]
[EventRounds "7"]
[EventCountry "GER"]
[Source "FV Schach e.V."]
[SourceDate "2015.07.06"]
[WhiteTeam "BA Tempelhof Berlin"]
[BlackTeam "SK Praesident Berlin"]
[WhiteTeamCountry "GER"]
[BlackTeamCountry "RUS"]

1. e4 d5 2. exd5 Qxd5 3. Nc3 Qa5 4. d4 Nf6 5. Bc4 c6 6. Bf4 Bf5 7. a3 e6 8. Nf3
Be7 9. O-O O-O 10. Re1 Qd8 11. Qe2 Re8 12. h3 Nd5 13. Be5 Nxc3 14. bxc3 Nd7 15.
Bf4 Nb6 16. Bd3 Bxd3 17. Qxd3 Qd5 18. Ne5 Rad8 19. Be3 Bd6 20. c4 Qa5 21. Bd2
Qa4 22. c5 Bxe5 23. Rxe5 Rxd4 24. Qe2 Nc4 25. Bb4 Nxe5 26. Qxe5 Rd5 27. Qg3 e5
28. c4 Rd1+ 29. Rxd1 Qxd1+ 30. Kh2 Qd4 31. Bc3 Qf4 32. Bxe5 Qxe5 0-1

[Event "XIV. DBMM Schach"]
[Site "Dresden"]
[Date "2014.11.20"]
[Round "2.1"]
[White "Schmitzer, Klaus"]
[Black "Kleeschaetzky, Rainer"]
[Result "1/2-1/2"]
[WhiteElo "2271"]
[BlackElo "2321"]
[Annotator "br"]
[PlyCount "95"]
[EventDate "2014.??.??"]
[EventType "team-swiss"]
[EventRounds "7"]
[EventCountry "GER"]
[Source "FV Schach e.V."]
[SourceDate "2015.07.06"]
[WhiteTeam "AGI Frankfurt"]
[BlackTeam "Deutsche Bahn/BSW Berlin"]
[WhiteTeamCountry "GER"]
[BlackTeamCountry "GER"]

1. e4 e6 2. d4 d5 3. Nd2 Nc6 4. Ngf3 Nf6 5. e5 Nd7 6. Nb3 a5 7. a4 b6 8. Bb5
Ncb8 9. O-O Ba6 10. Be3 c6 11. Be2 Bxe2 12. Qxe2 Be7 13. Nc1 O-O 14. Nd3 c5 15.
c3 c4 16. Nf4 b5 17. g3 bxa4 18. Rxa4 Nc6 19. h4 Qb6 20. Kg2 Rfb8 21. Bc1 Qb3
22. Ra1 a4 23. Ng5 Nf8 24. Qg4 Qc2 25. Nh5 g6 26. Nf3 Qe4 27. Nf4 Qf5 28. Qxf5
gxf5 29. h5 f6 30. exf6 Bxf6 31. Re1 Kf7 32. Re2 Rb5 33. Nh3 Ra6 34. Bf4 Rb3
35. Bd6 Be7 36. Bxe7 Kxe7 37. Nf4 Kd7 38. Rc2 Nd8 39. Kh3 Nf7 40. Kh4 Nd6 41.
Ne5+ Kc8 42. f3 Nb5 43. Ne2 Nd6 44. Kg5 Rb7 45. h6 Nd7 46. Kh5 Nf6+ 47. Kg5 Nd7
48. Kh5 1/2-1/2

[Event "XIV. DBMM Schach"]
[Site "Dresden"]
[Date "2014.11.20"]
[Round "2.2"]
[White "Baumbach, Friedrich"]
[Black "Hoffmann, Frank"]
[Result "1-0"]
[WhiteElo "2186"]
[BlackElo "1468"]
[Annotator "br"]
[PlyCount "55"]
[EventDate "2014.??.??"]
[EventType "team-swiss"]
[EventRounds "7"]
[EventCountry "GER"]
[Source "FV Schach e.V."]
[SourceDate "2015.07.06"]
[WhiteTeam "Deutsche Bahn/BSW Berlin"]
[BlackTeam "AGI Frankfurt"]
[WhiteTeamCountry "GER"]
[BlackTeamCountry "GER"]

1. d4 Nf6 2. c4 g6 3. Nc3 Bg7 4. e4 d6 5. Nf3 O-O 6. Be2 e5 7. O-O Nc6 8. d5
Ne7 9. b4 Ne8 10. c5 f5 11. Ng5 Nf6 12. Bf3 h6 13. Ne6 Bxe6 14. dxe6 f4 15. Qb3
dxc5 16. bxc5 Qc8 17. Rd1 Rd8 18. Rd7 Kf8 19. Rxd8+ Qxd8 20. Ba3 c6 21. Rd1 Qc8
22. Na4 g5 23. h3 Ng6 24. Nb2 Ke7 25. Nc4 Qxe6 26. Qxb7+ Nd7 27. Rxd7+ Qxd7 28.
Qxa8 1-0

[Event "XIV. DBMM Schach"]
[Site "Dresden"]
[Date "2014.11.20"]
[Round "2.4"]
[White "Schuettig, Ruediger"]
[Black "Buescher, Henrik"]
[Result "1-0"]
[WhiteElo "2270"]
[BlackElo "2112"]
[Annotator "br"]
[PlyCount "75"]
[EventDate "2014.??.??"]
[EventType "team-swiss"]
[EventRounds "7"]
[EventCountry "GER"]
[Source "FV Schach e.V."]
[SourceDate "2015.07.06"]
[WhiteTeam "Deutsche Bahn/BSW Berlin"]
[BlackTeam "AGI Frankfurt"]
[WhiteTeamCountry "GER"]
[BlackTeamCountry "GER"]

1. d4 d5 2. Bf4 c6 3. e3 e6 4. c4 f5 5. Nc3 Nf6 6. Nf3 Be7 7. Ne5 Nbd7 8. Bd3
Nxe5 9. dxe5 Ne4 10. O-O Nxc3 11. bxc3 g5 12. Qh5+ Kd7 13. Bg3 Rf8 14. cxd5
cxd5 15. c4 f4 16. cxd5 exd5 17. exf4 gxf4 18. Rac1 Qb6 19. Bh4 Qe6 20. Bf6 Kd8
21. Qh6 Rf7 22. Bxh7 Bxf6 23. exf6 Qxf6 24. Qh5 Bf5 25. Bxf5 Qxf5 26. Qh8+ Rf8
27. Qc3 Rf7 28. Rfd1 Ke8 29. Qh8+ Rf8 30. Re1+ Kd7 31. Qg7+ Rf7 32. Qc3 Kd8 33.
Re5 Rc8 34. Rxd5+ Qxd5 35. Qxc8+ Ke7 36. Re1+ Kf6 37. Qh8+ Rg7 38. Qh6+ 1-0

[Event "XIV. DBMM Schach"]
[Site "Dresden"]
[Date "2014.11.20"]
[Round "2.2"]
[White "Scholvin, Erich"]
[Black "Stanetzek, Carsten"]
[Result "0-1"]
[WhiteElo "2105"]
[BlackElo "2233"]
[Annotator "br"]
[PlyCount "106"]
[EventDate "2014.??.??"]
[EventType "team-swiss"]
[EventRounds "7"]
[EventCountry "GER"]
[Source "FV Schach e.V."]
[SourceDate "2015.07.06"]
[WhiteTeam "SV RAPID Unilever Hamburg"]
[BlackTeam "Deutsche Post Bonn"]
[WhiteTeamCountry "GER"]
[BlackTeamCountry "GER"]

1. d4 d5 2. Nf3 Nf6 3. e3 Bf5 4. c4 c6 5. cxd5 cxd5 6. Nc3 e6 7. Ne5 Nfd7 8. g4
Bg6 9. Nxg6 hxg6 10. Bg2 Nc6 11. O-O Rc8 12. e4 dxe4 13. Nxe4 Nb6 14. Be3 Nd5
15. Rc1 Bd6 16. Nxd6+ Qxd6 17. h3 O-O 18. a3 Rfd8 19. Qf3 Na5 20. Bg5 Re8 21.
Bh4 Qb6 22. b4 Nc4 23. Rfd1 Qa6 24. Ra1 b5 25. Qb3 Qb6 26. a4 a6 27. Bf1 Rc6
28. Bg3 $11 Rec8 29. h4 Qb7 30. axb5 axb5 31. Ra2 Ra6 32. Rxa6 Qxa6 33. Rc1
Ndb6 34. h5 gxh5 35. gxh5 Ra8 36. Bg2 Qa3 37. Qd1 Rd8 38. d5 Nxd5 39. h6 gxh6
40. Qg4+ Kf8 41. Re1 Qxb4 42. Rxe6 fxe6 43. Qxe6 Qe7 44. Qxh6+ Qg7 45. Qc6 Nc3
46. Qf3+ Kg8 47. Bh3 Re8 48. Qc6 Rf8 49. Be6+ Kh8 50. Qh1+ Qh7 51. Qc6 Ne2+ 52.
Kg2 Nxg3 53. fxg3 Ne3+ 0-1

[Event "XIV. DBMM Schach"]
[Site "Dresden"]
[Date "2014.11.20"]
[Round "2.3"]
[White "Biedekoepper, Robert"]
[Black "Neander, Swen"]
[Result "0-1"]
[WhiteElo "2056"]
[BlackElo "1980"]
[Annotator "br"]
[PlyCount "124"]
[EventDate "2014.??.??"]
[EventType "team-swiss"]
[EventRounds "7"]
[EventCountry "GER"]
[Source "FV Schach e.V."]
[SourceDate "2015.07.06"]
[WhiteTeam "Deutsche Post Bonn"]
[BlackTeam "SV RAPID Unilever Hamburg"]
[WhiteTeamCountry "GER"]
[BlackTeamCountry "GER"]

1. d4 e6 2. c4 d5 3. Nc3 f5 4. cxd5 exd5 5. Qb3 c6 6. Nf3 Bd6 7. Ne5 Qe7 8. f4
Nf6 9. e3 O-O 10. Be2 Kh8 11. Bd2 Be6 12. O-O a5 13. a4 Na6 14. Be1 Nb4 15. Bh4
Qe8 16. Kh1 Ng4 17. Rf3 Rc8 18. Raf1 Be7 19. Bxe7 Qxe7 20. Rh3 Nxe5 21. fxe5 f4
22. Rhf3 fxe3 23. Nd1 Rxf3 24. Bxf3 Qh4 25. Qxe3 Nc2 26. Qc3 Bf5 27. Bxd5 Qxd4
28. Bb3 g6 29. Bxc2 Qxc3 30. Nxc3 Bxc2 31. Rf2 Bb3 32. Kg1 Kg7 33. Kf1 Re8 34.
Rd2 Kf7 35. Ne4 Rxe5 36. Nd6+ Ke7 37. Nxb7 Bxa4 38. Kf2 Bb3 39. Rd3 Be6 40. Ra3
Rb5 41. Nxa5 Rxb2+ 42. Kg3 Bd5 43. Rc3 Kd7 44. Nc4 Rxg2+ 45. Kh3 Ra2 46. Rd3
Kc7 47. Ne3 Kd6 48. Kg3 h5 49. h3 Ke5 50. Kh4 Be4 51. Nc4+ Kf4 52. Rg3 Rg2 53.
Ra3 Bf3 54. Rxf3+ Kxf3 55. Ne5+ Ke4 56. Nxc6 Kf4 57. Ne7 g5+ 58. Kxh5 Rh2 59.
Nd5+ Kf5 60. Ne3+ Kf4 61. Nd5+ Ke5 62. Ne3 Rxh3+ 0-1

[Event "XIV. DBMM Schach"]
[Site "Dresden"]
[Date "2014.11.20"]
[Round "2.4"]
[White "Ristic, Sreten"]
[Black "Dehmel, Jens"]
[Result "1-0"]
[WhiteElo "1925"]
[BlackElo "2044"]
[Annotator "br"]
[PlyCount "67"]
[EventDate "2014.??.??"]
[EventType "team-swiss"]
[EventRounds "7"]
[EventCountry "GER"]
[Source "FV Schach e.V."]
[SourceDate "2015.07.06"]
[WhiteTeam "SV RAPID Unilever Hamburg"]
[BlackTeam "Deutsche Post Bonn"]
[WhiteTeamCountry "GER"]
[BlackTeamCountry "GER"]

1. e4 e5 2. Nf3 Nc6 3. Bb5 a6 4. Ba4 Nf6 5. O-O Nxe4 6. Re1 Nc5 7. Bxc6 dxc6 8.
Nxe5 Be7 9. d4 Ne6 10. c3 O-O 11. Nd2 c5 12. dxc5 Nxc5 13. b4 Nd7 14. Nec4 Nb6
15. Qc2 Be6 16. Ne3 Qd7 17. a3 c5 18. bxc5 Na4 19. Nec4 Bxc5 20. Ne5 Qe8 21.
Ndf3 Rc8 22. h3 Nxc3 23. Bb2 Na4 24. Ng4 Bd4 25. Qxc8 Qxc8 26. Bxd4 Bxg4 27.
hxg4 Qxg4 28. Re5 Rd8 29. Rae1 f6 30. R5e4 Qd7 31. Be3 Kf7 32. g4 Nc3 33. Rf4
Qd3 34. Ne5+ 1-0

[Event "XIV. DBMM Schach"]
[Site "Dresden"]
[Date "2014.11.20"]
[Round "2.1"]
[White "Hohlfeld, Wolfgang"]
[Black "Heinrich, Thomas"]
[Result "1/2-1/2"]
[WhiteElo "2102"]
[BlackElo "2224"]
[Annotator "br"]
[PlyCount "47"]
[EventDate "2014.??.??"]
[EventType "team-swiss"]
[EventRounds "7"]
[EventCountry "GER"]
[Source "FV Schach e.V."]
[SourceDate "2015.07.06"]
[WhiteTeam "Baubehoerde Hamburg"]
[BlackTeam "le-tex GmbH Leipzig"]
[WhiteTeamCountry "GER"]
[BlackTeamCountry "GER"]

1. e4 c5 2. c3 d6 3. d4 Nf6 4. dxc5 Nc6 5. f3 d5 6. exd5 Nxd5 7. c4 Ndb4 8. a3
Qxd1+ 9. Kxd1 Na6 10. b4 Nd4 11. Be3 Nb3 12. Ra2 Bf5 13. Nd2 O-O-O 14. Ne2 e5
15. Rb2 Nxd2 16. Rxd2 Be7 17. Nc3 Rxd2+ 18. Kxd2 Rd8+ 19. Kc1 Nc7 20. Be2 Be6
21. Rd1 f5 22. Rxd8+ Kxd8 23. Nb5 a5 24. Nxc7 1/2-1/2

[Event "XIV. DBMM Schach"]
[Site "Dresden"]
[Date "2014.11.20"]
[Round "2.2"]
[White "Hoffmann, Hendrik"]
[Black "Hein, Ralf"]
[Result "1-0"]
[WhiteElo "2193"]
[BlackElo "2047"]
[Annotator "br"]
[PlyCount "85"]
[EventDate "2014.??.??"]
[EventType "team-swiss"]
[EventRounds "7"]
[EventCountry "GER"]
[Source "FV Schach e.V."]
[SourceDate "2015.07.06"]
[WhiteTeam "le-tex GmbH Leipzig"]
[BlackTeam "Baubehoerde Hamburg"]
[WhiteTeamCountry "GER"]
[BlackTeamCountry "GER"]

1. e4 e5 2. Nf3 d6 3. d4 exd4 4. Nxd4 Be7 5. Bc4 Nf6 6. Nc3 O-O 7. O-O a6 8. a4
Bd7 9. Re1 Nc6 10. b3 Ne5 11. Bf1 c5 12. Nf3 Bg4 13. Be2 Bxf3 14. Bxf3 Qd7 15.
Be2 Rfd8 16. Bb2 Rab8 17. f4 Ng6 18. g3 b5 19. axb5 axb5 20. Bf3 b4 21. Nd5
Nxd5 22. Qxd5 Bf8 23. Red1 Qh3 24. Ra7 Rd7 25. Rxd7 Qxd7 26. e5 Rd8 27. Kg2 Qf5
28. Qe4 Qxe4 29. Bxe4 Be7 30. Bxg6 hxg6 31. exd6 Rxd6 32. Rxd6 Bxd6 33. Kf3 f6
34. Ke4 Kf7 35. Kd5 Be7 36. Bc1 g5 37. fxg5 f5 38. Be3 Kg6 39. Bxc5 Bxg5 40.
Bxb4 Kh5 41. Bd6 Kg4 42. b4 Kh3 43. Ke6 1-0

[Event "XIV. DBMM Schach"]
[Site "Dresden"]
[Date "2014.11.20"]
[Round "2.3"]
[White "Kaliski, Achim"]
[Black "Rohne, Lars"]
[Result "1/2-1/2"]
[WhiteElo "1976"]
[BlackElo "2152"]
[Annotator "br"]
[PlyCount "75"]
[EventDate "2014.??.??"]
[EventType "team-swiss"]
[EventRounds "7"]
[EventCountry "GER"]
[Source "FV Schach e.V."]
[SourceDate "2015.07.06"]
[WhiteTeam "Baubehoerde Hamburg"]
[BlackTeam "le-tex GmbH Leipzig"]
[WhiteTeamCountry "GER"]
[BlackTeamCountry "GER"]

1. e4 d6 2. d4 Nf6 3. Nc3 c6 4. g3 g6 5. Bg2 Bg7 6. f4 Qb6 7. Nf3 d5 8. e5 Ng4
9. h3 Nh6 10. O-O O-O 11. Kh2 f5 12. Na4 Qc7 13. b3 b6 14. Ba3 Rd8 15. Rc1 Bb7
16. c4 dxc4 17. bxc4 Qd7 18. Qe2 c5 19. Nb2 cxd4 20. Rfd1 Nc6 21. Rd2 Qc7 22.
Rcd1 Nf7 23. Nxd4 Nxd4 24. Rxd4 Rxd4 25. Rxd4 Bxg2 26. Kxg2 Rd8 27. Qd3 e6 28.
Rxd8+ Nxd8 29. Qd6 Qxd6 30. Bxd6 Bf8 31. Bxf8 Kxf8 32. Kf2 Ke8 33. Ke2 Kd7 34.
Kd2 Nb7 35. Nd3 Kc6 36. Nb4+ Kd7 37. Nd3 Kc6 38. Nb4+ 1/2-1/2

[Event "XIV. DBMM Schach"]
[Site "Dresden"]
[Date "2014.11.20"]
[Round "2.4"]
[White "Hartmann, Uwe"]
[Black "Groeppel, Peter"]
[Result "0-1"]
[WhiteElo "1964"]
[BlackElo "1910"]
[Annotator "br"]
[PlyCount "120"]
[EventDate "2014.??.??"]
[EventType "team-swiss"]
[EventRounds "7"]
[EventCountry "GER"]
[Source "FV Schach e.V."]
[SourceDate "2015.07.06"]
[WhiteTeam "le-tex GmbH Leipzig"]
[BlackTeam "Baubehoerde Hamburg"]
[WhiteTeamCountry "GER"]
[BlackTeamCountry "GER"]

1. e4 c5 2. Nf3 Nc6 3. d4 cxd4 4. Nxd4 e6 5. Nc3 Qc7 6. a3 Nf6 7. Be2 d6 8. Be3
a6 9. O-O Be7 10. Qd2 O-O 11. f4 Bd7 12. Bf3 Nxd4 13. Bxd4 Bc6 14. Qf2 b5 15.
e5 dxe5 16. Bxe5 Qb7 17. Bxc6 Qxc6 18. Qf3 Qxf3 19. Rxf3 Rfd8 20. Rd1 Rxd1+ 21.
Nxd1 Rd8 22. Rd3 Rxd3 23. cxd3 Bc5+ 24. Kh1 Nd7 25. Bc3 f5 26. g3 Kf7 27. Kg2
h6 28. Kf3 g5 29. Ne3 Kg6 30. h3 Bd6 31. Ng2 e5 32. fxg5 hxg5 33. b4 Nf6 34.
Bb2 Bc7 35. Ne3 e4+ 36. dxe4 fxe4+ 37. Kg2 Nh5 38. Nf1 Bb6 39. Bc3 Nf6 40. g4
Nd5 41. Bd2 Bd4 42. Bc1 Nf4+ 43. Bxf4 gxf4 44. Nd2 e3 45. Nf3 Bb2 46. h4 Kg7
47. Ne1 Bf6 48. g5 Bc3 49. Nd3 e2 50. Kf3 e1=Q 51. Nxe1 Bxe1 52. Kxf4 Bxh4 53.
Ke5 Bxg5 54. Kd6 Kf7 55. Kc6 Ke6 56. Kb6 Kd5 57. Kxa6 Kc4 58. Ka5 Bd8+ 59. Ka6
Bc7 60. Kb7 Bd6 0-1

[Event "XIV. DBMM Schach"]
[Site "Dresden"]
[Date "2014.11.20"]
[Round "2.1"]
[White "Schmidt, Harald"]
[Black "Tichatschke, Wolfgang"]
[Result "1-0"]
[WhiteElo "2364"]
[BlackElo "2014"]
[Annotator "br"]
[PlyCount "59"]
[EventDate "2014.??.??"]
[EventType "team-swiss"]
[EventRounds "7"]
[EventCountry "GER"]
[Source "FV Schach e.V."]
[SourceDate "2015.07.06"]
[WhiteTeam "Transit Hamburg"]
[BlackTeam "Europark Altenberg"]
[WhiteTeamCountry "GER"]
[BlackTeamCountry "GER"]

1. e4 e6 2. Qe2 d5 3. exd5 Qxd5 4. Nc3 Qd8 5. Nf3 c5 6. Ne5 a6 7. g3 Nd7 8. Bg2
Nxe5 9. Qxe5 Qd6 10. Qxd6 Bxd6 11. Ne4 Be7 12. d4 cxd4 13. Bf4 f6 14. Nd6+ Bxd6
15. Bxd6 Ne7 16. O-O-O e5 17. Rhe1 Bg4 18. Rxd4 Be6 19. Rd2 Nc6 20. f4 O-O-O
21. fxe5 Nxe5 22. Bxe5 Rxd2 23. Kxd2 fxe5 24. Rxe5 Kd7 25. Bxb7 Rb8 26. Bxa6
Rxb2 27. Bd3 h6 28. Rb5 Rxb5 29. Bxb5+ Kd6 30. a3 1-0

[Event "XIV. DBMM Schach"]
[Site "Dresden"]
[Date "2014.11.20"]
[Round "2.3"]
[White "Ziller, Christian"]
[Black "Stavenhagen, Johannes"]
[Result "0-1"]
[WhiteElo "2071"]
[BlackElo "1973"]
[Annotator "br"]
[PlyCount "60"]
[EventDate "2014.??.??"]
[EventType "team-swiss"]
[EventRounds "7"]
[EventCountry "GER"]
[Source "FV Schach e.V."]
[SourceDate "2015.07.06"]
[WhiteTeam "Transit Hamburg"]
[BlackTeam "Europark Altenberg"]
[WhiteTeamCountry "GER"]
[BlackTeamCountry "GER"]

1. d4 Nf6 2. Nf3 e6 3. Bf4 c5 4. e3 Nc6 5. c3 Qb6 6. Qb3 Qa5 7. Na3 Nd5 8. Nc4
Qd8 9. Nd6+ Bxd6 10. Bxd6 cxd4 11. exd4 Nde7 12. Bd3 O-O 13. c4 Qa5+ 14. Kf1
Re8 15. Re1 Ng6 16. g4 Qd8 17. Bb1 b6 18. h4 Na5 19. Qd3 Nb7 20. Ba3 d6 21. Ng5
Qf6 22. Nxh7 Qf4 23. h5 Ne7 24. b3 Nc6 25. Re4 Qh6 26. Re1 f5 27. d5 Ne5 28.
Rxe5 dxe5 29. Nf8 Rxf8 30. Bxf8 Kxf8 0-1